000 00503nam a2200193Ia 4500
003 GCL
008 140319s9999 xx 000 0 eng d
040 _aGCL /
_cGCL
082 0 4 _a759.50973
_bS A
100 1 _aSHAPIRO, DAVID
245 1 0 _aABSTRACT EXPRESSIONISM: A CRITICAL RECORD /
_cSHAPIRO, DAVID
700 1 _aSHAPIRO, CECILE
260 _a[S.N] :
_bCOMBRIDGE UNIVERSITY PRESS
300 _a442 P
650 0 4 _aARTS
650 0 4 _aEXPRESSIONISM
650 0 4 _aART, AMERICAN
942 _2ddc
_cBK
999 _c19264
_d19264